[Event "Steyr Landesliga 1920"]
[Site "Austria"]
[Date "2019.12.07"]
[Round "6.4"]
[White "Staberhofer, Rainer"]
[Black "Dobay, Klaus"]
[Result "1/2-1/2"]
[WhiteElo "2078"]
[BlackElo "2049"]
[PlyCount "98"]
[EventDate "2019.09.28"]
[EventType "team-tourn"]
[EventRounds "11"]
[EventCountry "AUT"]
[SourceTitle "CBM 194 Extra"]
[Source "ChessBase"]
[SourceDate "2020.03.31"]
[SourceVersion "1"]
[SourceVersionDate "2020.03.31"]
[SourceQuality "1"]
[WhiteTeam "Krieglach Windheimat"]
[BlackTeam "Gratwein Strassengel"]
[WhiteTeamCountry "AUT"]
[BlackTeamCountry "AUT"]

1. e4 c6 2. d4 d5 3. Nc3 dxe4 4. Nxe4 Bf5 5. Ng3 Bg6 6. Nf3 Nd7 7. h4 h6 8. h5 Bh7 9. Bd3 Bxd3 10. Qxd3 Ngf6 11. Bd2 e6 12. 0-0-0 Qc7 13. Kb1 Bd6 14. Ne4 Nxe4 15. Qxe4 Nf6 16. Qe2 Bf4 17. Ne5 Bxd2 18. Rxd2 0-0-0 19. Rh3 Rd5 20. c4 Rd6 21. c5 Rd5 22. Ra3 Kb8 23. Qd1 Ne4 24. Nc4 Nxd2+ 25. Qxd2 Rhd8 26. Rd3 Rxh5 27. Qb4 Rh1+ 28. Kc2 Rf1 29. Rd2 Qf4 30. Na5 Qe4+ 31. Kb3 Rd7 32. f3 Qd5+ 33. Ka3 Ra1 34. Nb3 Re1 35. Rd3 Re2 36. Na5 e5 37. b3 Rxg2 38. Re3 Rg5 39. f4 Rf5 40. fxe5 h5 41. Rg3 g6 42. e6 Qxe6 43. Rg1 Rf4 44. Re1 Re4 45. d5 Rxb4 46. dxe6 Rxb3+ 47. Nxb3 fxe6 48. Rxe6 Rg7 49. Nd4 Rg8 1/2-1/2

[Event "Krakow op-B 28th"]
[Site "Krakow"]
[Date "2017.12.29"]
[Round "3"]
[White "Kostanski, Marcin"]
[Black "Staberhofer, Rainer"]
[Result "1-0"]
[WhiteElo "1999"]
[BlackElo "2027"]
[PlyCount "81"]
[EventDate "2017.12.27"]
[EventType "swiss"]
[EventRounds "9"]
[EventCountry "POL"]
[SourceTitle "CBM 182 Extra"]
[Source "ChessBase"]
[SourceDate "2018.02.23"]
[SourceVersion "1"]
[SourceVersionDate "2018.02.23"]
[SourceQuality "1"]

1. d4 d5 2. Nf3 Nf6 3. c4 c6 4. Nc3 dxc4 5. a4 Bf5 6. e3 e6 7. Bxc4 Nbd7 8. 0-0 Qc7 9. Qe2 e5 10. e4 Bg4 11. d5 Bd6 12. Be3 0-0 13. Rac1 Nh5 14. h3 Nf4 15. Qd1 Bh5 16. dxc6 bxc6 17. Be2 Nxe2+ 18. Qxe2 Qb7 19. g4 Bg6 20. Rfd1 Be7 21. Qc4 Rfd8 22. Rd2 Kf8 23. a5 a6 24. Na4 Rac8 25. Rxd7 Qxd7 26. Nb6 Qe6 27. Qxe6 fxe6 28. Nxc8 Rxc8 29. Rc4 Bd6 30. Kf1 Ke8 31. Nd2 Kd7 32. b4 h5 33. Bc5 Bc7 34. Rc3 Rh8 35. Kg2 Rb8 36. f3 Be8 37. Nc4 Bd8 38. Rd3+ Kc8 39. Nd6+ Kd7 40. Nb7+ Kc7 41. Nxd8 1-0

[Event "Krakow op-B 28th"]
[Site "Krakow"]
[Date "2017.12.27"]
[Round "1"]
[White "Turski, Bartlomiej"]
[Black "Staberhofer, Rainer"]
[Result "0-1"]
[WhiteElo "1878"]
[BlackElo "2027"]
[PlyCount "80"]
[EventDate "2017.12.27"]
[EventType "swiss"]
[EventRounds "9"]
[EventCountry "POL"]
[SourceTitle "CBM 182 Extra"]
[Source "ChessBase"]
[SourceDate "2018.02.23"]
[SourceVersion "1"]
[SourceVersionDate "2018.02.23"]
[SourceQuality "1"]

1. e4 c5 2. Nf3 Nc6 3. d4 cxd4 4. Nxd4 g6 5. Nxc6 bxc6 6. Qd4 Nf6 7. e5 Nd5 8. e6 Nf6 9. exf7+ Kxf7 10. Bc4+ d5 11. Bb3 Ba6 12. Bf4 Bg7 13. Be5 Qb6 14. Nc3 Qxd4 15. Bxd4 e5 16. Bxe5 Rae8 17. f4 Ng4 18. 0-0-0 Nxe5 19. fxe5 Bxe5 20. Ba4 Re6 21. Rde1 Rhe8 22. Kd1 Bxc3 23. bxc3 Rxe1+ 24. Rxe1 Rxe1+ 25. Kxe1 c5 26. Kf2 Ke6 27. Ke3 Ke5 28. g3 Bc4 29. Bb3 Bb5 30. a4 Bc6 31. c4 dxc4 32. Bxc4 Bxa4 33. Kd3 h6 34. Ba6 Kd6 35. c3 Bb3 36. h4 Kc7 37. c4 Ba4 38. Bb5 Bxb5 39. cxb5 Kb6 40. Kc4 h5 0-1

[Event "Krakow op-B 25th"]
[Site "Krakow"]
[Date "2014.12.28"]
[Round "3"]
[White "Lopuszanski, Kamil"]
[Black "Staberhofer, Rainer"]
[Result "1-0"]
[WhiteElo "1969"]
[BlackElo "2069"]
[PlyCount "65"]
[EventDate "2014.12.27"]
[EventType "swiss"]
[EventRounds "9"]
[EventCountry "POL"]
[SourceTitle "CBM 164 Extra"]
[Source "ChessBase"]
[SourceDate "2015.03.02"]
[SourceVersion "1"]
[SourceVersionDate "2015.03.02"]
[SourceQuality "1"]

1. d4 d5 2. c4 e6 3. Nf3 Nf6 4. Nc3 dxc4 5. e3 Be7 6. Bxc4 0-0 7. 0-0 c5 8. Qe2 a6 9. Rd1 Qc7 10. a4 b6 11. e4 cxd4 12. Nxd4 e5 13. Nf5 Bxf5 14. exf5 Nc6 15. Be3 Nb4 16. Rac1 Bc5 17. g4 Bxe3 18. fxe3 Qb7 19. g5 Ne4 20. Qg2 Nc5 21. g6 Qxg2+ 22. Kxg2 Kh8 23. Bxf7 Ncd3 24. Rb1 Rad8 25. Ne4 h6 26. Kf3 Rc8 27. Rd2 Rfd8 28. Rbd1 a5 29. Ke2 Rf8 30. Rxd3 Nxd3 31. Rxd3 Rc2+ 32. Rd2 Rxd2+ 33. Kxd2 1-0

[Event "Krakow op-B 24th"]
[Site "Krakow"]
[Date "2013.12.29"]
[Round "4"]
[White "Staberhofer, Rainer"]
[Black "Perelygin, Mikhail"]
[Result "0-1"]
[WhiteElo "2095"]
[BlackElo "1919"]
[PlyCount "86"]
[EventDate "2013.12.27"]
[EventType "swiss"]
[EventRounds "9"]
[EventCountry "POL"]
[SourceTitle "CBM 158 Extra"]
[Source "ChessBase"]
[SourceDate "2014.02.28"]
[SourceVersion "1"]
[SourceVersionDate "2014.02.28"]
[SourceQuality "1"]

1. e4 e6 2. d4 d5 3. exd5 exd5 4. Nf3 Nf6 5. c4 Bb4+ 6. Bd2 Bxd2+ 7. Nbxd2 0-0 8. Be2 Bf5 9. 0-0 dxc4 10. Nxc4 c6 11. Rc1 Nd5 12. Qd2 Bg6 13. Nce5 Nd7 14. Bc4 N7f6 15. Bxd5 Nxd5 16. Nxg6 hxg6 17. Rfe1 Qd6 18. Re5 f6 19. Re4 Rae8 20. Rce1 Rxe4 21. Rxe4 Kf7 22. h4 Re8 23. Rxe8 Kxe8 24. Qa5 a6 25. Qe1+ Kd7 26. Qe4 Ne7 27. Qc2 Kc7 28. b3 b5 29. Qc5 Qxc5 30. dxc5 b4 31. Nd4 Kd7 32. Nc2 Nd5 33. a4 bxa3 34. Nxa3 Nb4 35. Nc4 Nd3 36. Nb6+ Ke6 37. Na8 a5 38. Nc7+ Ke5 39. Na6 Kd5 40. g4 Nxc5 41. Nc7+ Kd6 42. Ne8+ Ke7 43. Nxg7 Kf7 0-1

[Event "Obersteyr-ch"]
[Site "Muerzhofen"]
[Date "2012.01.06"]
[Round "4"]
[White "Fischer, Karl"]
[Black "Staberhofer, Rainer"]
[Result "0-1"]
[WhiteElo "1896"]
[BlackElo "2095"]
[PlyCount "80"]
[EventDate "2012.01.04"]
[EventType "swiss"]
[EventRounds "7"]
[EventCountry "AUT"]
[SourceTitle "EXT 2014"]
[Source "ChessBase"]
[SourceDate "2013.11.20"]
[SourceVersion "1"]
[SourceVersionDate "2013.11.20"]
[SourceQuality "1"]

1. e4 d5 2. exd5 Qxd5 3. Nc3 Qe5+ 4. Be2 c6 5. Nf3 Qc7 6. d4 Bf5 7. Bd3 Bxd3 8. Qxd3 e6 9. Bd2 Nd7 10. Qe2 Ngf6 11. Ne5 Nxe5 12. dxe5 Nd7 13. f4 0-0-0 14. 0-0-0 Be7 15. Ne4 Nc5 16. Nxc5 Bxc5 17. Be3 Qb6 18. Bxc5 Qxc5 19. g3 g6 20. Rhe1 h5 21. h3 h4 22. g4 Rd5 23. Rxd5 Qxd5 24. a3 Qa2 25. c3 Rd8 26. Rd1 Rd5 27. Kc2 Rb5 28. Rb1 a5 29. Qe1 Qb3+ 30. Kd2 Rd5+ 31. Ke3 g5 32. Qe2 Qb6+ 33. Kf3 gxf4 34. Kxf4 f6 35. Qe1 Rxe5 36. Qd2 Rd5 37. Qe1 Qc7+ 38. Kf3 Rd3+ 39. Ke4 Rxh3 40. Kd4 Qd6+ 0-1

[Event "Obersteyr-ch"]
[Site "Muerzhofen"]
[Date "2012.01.05"]
[Round "2"]
[White "Weissenbichler, Franz"]
[Black "Staberhofer, Rainer"]
[Result "0-1"]
[WhiteElo "2173"]
[BlackElo "2095"]
[PlyCount "88"]
[EventDate "2012.01.04"]
[EventType "swiss"]
[EventRounds "7"]
[EventCountry "AUT"]
[SourceTitle "EXT 2014"]
[Source "ChessBase"]
[SourceDate "2013.11.20"]
[SourceVersion "1"]
[SourceVersionDate "2013.11.20"]
[SourceQuality "1"]

1. e4 d5 2. exd5 Qxd5 3. Nc3 Qe5+ 4. Qe2 Qxe2+ 5. Bxe2 c6 6. d4 Bf5 7. Bd1 Na6 8. a3 Rd8 9. Be3 e6 10. Rc1 Nc7 11. Nce2 Nf6 12. c4 Bd6 13. Nf3 Ng4 14. Bc2 0-0 15. 0-0 Rfe8 16. h3 Nxe3 17. fxe3 Bxc2 18. Rxc2 e5 19. c5 Nd5 20. cxd6 Nxe3 21. Rcc1 Nxf1 22. Rxf1 exd4 23. Nexd4 Rxd6 24. Nf5 Rd5 25. g4 g6 26. Nh6+ Kg7 27. g5 f5 28. Rf2 Re3 29. Kg2 Rdd3 30. Kg3 c5 31. h4 b5 32. Kg2 a5 33. Nd2 Rd4 34. Nf3 Rd5 35. Rc2 Kf8 36. Rf2 c4 37. Rc2 Rdd3 38. Rf2 b4 39. axb4 axb4 40. Nd2 Rd4 41. Nf1 Red3 42. Re2 c3 43. bxc3 bxc3 44. Kf2 Rd2 0-1

[Event "Mediterranean op 3rd"]
[Site "Rijeka"]
[Date "2009.12.04"]
[Round "8"]
[White "Dubrovic, Mihovil"]
[Black "Staberhofer, Rainer"]
[Result "1/2-1/2"]
[WhiteElo "1811"]
[BlackElo "2170"]
[PlyCount "86"]
[EventDate "2009.11.27"]
[EventType "swiss"]
[EventRounds "9"]
[EventCountry "CRO"]
[SourceTitle "CBM 133 Extra"]
[Source "ChessBase"]
[SourceDate "2010.01.05"]
[SourceVersion "1"]
[SourceVersionDate "2010.01.05"]
[SourceQuality "1"]

1. e4 d5 2. exd5 Qxd5 3. Nc3 Qa5 4. g3 c6 5. Bg2 Nf6 6. Nge2 Bg4 7. h3 Bxe2 8. Qxe2 Nbd7 9. 0-0 e6 10. a3 Qe5 11. Qxe5 Nxe5 12. Re1 Ned7 13. b4 0-0-0 14. Rb1 Bd6 15. d3 Nd5 16. Nxd5 cxd5 17. Bb2 Nf6 18. c4 dxc4 19. dxc4 Bc7 20. Rbd1 b6 21. Bf3 Rxd1 22. Rxd1 e5 23. Bc6 Rd8 24. Rxd8+ Kxd8 25. Bc1 Nd7 26. Kg2 Bd6 27. Be3 a5 28. bxa5 bxa5 29. a4 Kc7 30. Bb5 f5 31. Kf3 Bb4 32. Ke2 Kd6 33. Kd3 Nf6 34. f3 Nh5 35. g4 Ng3 36. Bf2 e4+ 37. fxe4 Nxe4 38. Be3 g6 39. Bf4+ Ke7 40. gxf5 Nf2+ 41. Ke3 Nxh3 42. fxg6 Nxf4 43. Kxf4 hxg6 1/2-1/2

[Event "Donau op 15th"]
[Site "Aschach"]
[Date "2006.12.30"]
[Round "6"]
[White "Zude, Erik"]
[Black "Staberhofer, Rainer"]
[Result "1-0"]
[WhiteElo "2425"]
[BlackElo "2177"]
[PlyCount "58"]
[EventDate "2006.12.26"]
[EventType "swiss"]
[EventRounds "7"]
[EventCountry "AUT"]
[SourceTitle "EXT 2008"]
[Source "ChessBase"]
[SourceDate "2007.11.25"]
[SourceVersion "1"]
[SourceVersionDate "2007.11.25"]
[SourceQuality "1"]

1. e4 d5 2. exd5 Qxd5 3. Nc3 Qa5 4. d4 Nf6 5. Nf3 Bf5 6. Ne5 c6 7. Nc4 Qd8 8. Bf4 e6 9. Be2 Nd5 10. Nxd5 exd5 11. Ne3 Bg6 12. h4 h6 13. h5 Be4 14. Bd3 Bd6 15. Bxd6 Qxd6 16. Bxe4 dxe4 17. Qg4 Nd7 18. Nf5 Qb4+ 19. c3 Qxb2 20. 0-0 Qa3 21. Qxe4+ Kf8 22. Rab1 Nf6 23. Qf3 Qxa2 24. Rxb7 Qd5 25. Qf4 Re8 26. Nd6 Re7 27. Rb8+ Ne8 28. Nxe8 Rxe8 29. Re1 Rxb8 1-0

[Event "Liberec op"]
[Site "Liberec"]
[Date "2006.11.16"]
[Round "7"]
[White "Tesar, Jan"]
[Black "Staberhofer, Rainer"]
[Result "0-1"]
[WhiteElo "2098"]
[BlackElo "2211"]
[PlyCount "76"]
[EventDate "2006.11.11"]
[EventType "swiss"]
[EventRounds "9"]
[EventCountry "CZE"]
[SourceTitle "CBM 115 Extra"]
[Source "ChessBase"]
[SourceDate "2007.01.10"]
[SourceVersion "1"]
[SourceVersionDate "2007.01.10"]
[SourceQuality "1"]

1. d4 d5 2. Nf3 Nf6 3. c4 e6 4. Nc3 c6 5. cxd5 exd5 6. Bg5 Nbd7 7. e3 Qa5 8. Nd2 Bd6 9. Bd3 Qc7 10. Rc1 a6 11. h3 h6 12. Bxf6 Nxf6 13. 0-0 Be6 14. Qf3 0-0-0 15. a3 Qe7 16. e4 dxe4 17. Ncxe4 Bd5 18. Rfe1 Rhe8 19. Re3 Qc7 20. Qf5+ Be6 21. Nxf6 Bxf5 22. Bxf5+ Re6 23. d5 gxf6 24. dxe6 fxe6 25. Rxe6 Kb8 26. Nc4 Bh2+ 27. Kh1 Qf4 28. Ne3 Rd2 29. Rf1 Rxb2 30. Re7 Ka7 31. Bc8 Qb8 32. Nc4 Rb5 33. a4 Rb4 34. Na5 Qxc8 35. Kxh2 c5 36. Rd1 c4 37. Rdd7 Kb8 38. Rd4 Qc5 0-1

[Event "Schwarzach op-B 20th"]
[Site "Schwarzach"]
[Date "2005.08.26"]
[Round "7.1"]
[White "Staberhofer, Rainer"]
[Black "Sadilek, Heinrich"]
[Result "1-0"]
[WhiteElo "2187"]
[BlackElo "1809"]
[PlyCount "69"]
[EventDate "2005.08.20"]
[EventType "swiss"]
[EventRounds "9"]
[EventCountry "AUT"]
[SourceTitle "EXT 2024"]
[Source "ChessBase"]
[SourceDate "2023.10.10"]
[SourceVersion "1"]
[SourceVersionDate "2023.10.10"]
[SourceQuality "1"]

1. d4 d5 2. Nf3 Nf6 3. Bf4 e6 4. e3 Be7 5. Nbd2 0-0 6. Bd3 Nbd7 7. h3 b6 8. 0-0 Bb7 9. Ne5 c5 10. c3 Rc8 11. Ndf3 a6 12. Rc1 Ne4 13. Nxd7 Qxd7 14. Ne5 Qd8 15. f3 Nd6 16. Qc2 h6 17. Qf2 Bf6 18. Qg3 Bh4 19. Qh2 Bg5 20. Rce1 Bxf4 21. Qxf4 cxd4 22. exd4 Nc4 23. Re2 Qc7 24. Qg4 a5 25. Qh5 Ra8 26. Ng4 Qf4 27. h4 Qg3 28. Rfe1 Nxb2 29. Bb1 Ba6 30. Rxe6 fxe6 31. Nxh6+ gxh6 32. Rxe6 Qg7 33. Rg6 Rae8 34. Rxg7+ Kxg7 35. Qg6+ 1-0

[Event "Schwarzach op-B 20th"]
[Site "Schwarzach"]
[Date "2005.08.24"]
[Round "5.3"]
[White "Staberhofer, Rainer"]
[Black "Heil, Walter"]
[Result "1-0"]
[WhiteElo "2187"]
[BlackElo "2028"]
[PlyCount "61"]
[EventDate "2005.08.20"]
[EventType "swiss"]
[EventRounds "9"]
[EventCountry "AUT"]
[SourceTitle "EXT 2024"]
[Source "ChessBase"]
[SourceDate "2023.10.10"]
[SourceVersion "1"]
[SourceVersionDate "2023.10.10"]
[SourceQuality "1"]

1. d4 f5 2. Nf3 Nf6 3. c4 d6 4. Nc3 g6 5. e3 Bg7 6. Be2 0-0 7. Rb1 Qe8 8. 0-0 e5 9. dxe5 dxe5 10. Nd5 Na6 11. b4 c6 12. b5 cxd5 13. bxa6 bxa6 14. cxd5 Ne4 15. Qb3 Rf7 16. Ba3 g5 17. Bd3 Qd8 18. Bxe4 fxe4 19. Nd2 Bf5 20. d6 Qd7 21. Qd5 Rc8 22. Nxe4 h6 23. Nc5 Qc6 24. Rbd1 Bd7 25. Qxc6 Rxc6 26. Nxd7 Rxd7 27. Rc1 Rb6 28. Rc7 Rb7 29. Rfc1 Bf8 30. Kf1 Kf7 31. Rxb7 1-0

[Event "Schwarzach op-B 20th"]
[Site "Schwarzach"]
[Date "2005.08.21"]
[Round "2.1"]
[White "Rier, Guenter"]
[Black "Staberhofer, Rainer"]
[Result "1-0"]
[WhiteElo "1954"]
[BlackElo "2187"]
[PlyCount "75"]
[EventDate "2005.08.20"]
[EventType "swiss"]
[EventRounds "9"]
[EventCountry "AUT"]
[SourceTitle "EXT 2024"]
[Source "ChessBase"]
[SourceDate "2023.10.10"]
[SourceVersion "1"]
[SourceVersionDate "2023.10.10"]
[SourceQuality "1"]

1. g3 e5 2. c4 d6 3. Bg2 Nc6 4. Nc3 Be6 5. d3 Be7 6. e4 h5 7. h4 Nd4 8. Be3 c5 9. Nd5 Bxd5 10. exd5 Qa5+ 11. Bd2 Qc7 12. Ne2 Nf6 13. a3 0-0 14. 0-0 Ng4 15. f3 Nf6 16. Bg5 Ne8 17. Nxd4 Bxg5 18. hxg5 exd4 19. f4 g6 20. g4 hxg4 21. Qxg4 Ng7 22. Be4 Qc8 23. Qh4 f5 24. gxf6 Nf5 25. Qg5 Kf7 26. Rae1 Rg8 27. Kf2 Ne3 28. Rg1 Qh3 29. Bxg6+ Kf8 30. Qh5 Qxh5 31. Bxh5 Rxg1 32. Rxg1 a6 33. Bg6 b5 34. b3 bxc4 35. bxc4 Rb8 36. Kf3 a5 37. Rh1 Kg8 38. Rh7 1-0